Ekonomická reforma v širších souvislostech

Stručný historický prehľad premien ekonomického systému v Československu a následne v Česku. Ekonomická reforma v Česku. Hodnotenie transformácie. Reštrukturalizácia ekonomiky a možné východiská pre stabilizáciu ekonomiky.

Gespeichert in:
Bibliographische Detailangaben
1. Verfasser: Heczko, Stanislav
Format: Buchkapitel
Sprache:Tschechisch
Schlagworte:
Tags: Tag hinzufügen
Keine Tags, Fügen Sie das erste Tag hinzu!

MARC

LEADER 00000naa a2200000 4500
001 r036441
005 20230929091329.0
041 0 |a cze 
044 |a CZ 
245 1 0 |a Ekonomická reforma v širších souvislostech  |c Stanislav Heczko 
520 |a Stručný historický prehľad premien ekonomického systému v Československu a následne v Česku. Ekonomická reforma v Česku. Hodnotenie transformácie. Reštrukturalizácia ekonomiky a možné východiská pre stabilizáciu ekonomiky. 
610 2 0 |a reformy hospodárske 
610 2 0 |a transformácia 
610 2 0 |a história 
610 2 0 |a vývoj hospodársky 
610 2 0 |a reštrukturalizácia 
610 2 0 |a stabilizácia hospodárstva 
610 2 0 |a Česko 
610 2 0 |a politika hospodárska 
100 1 |a Heczko, Stanislav